Escritos /
Shranjeno v:
| Glavni avtor: | |
|---|---|
| Format: | Neznan |
| Jezik: | Spanish |
| Izdano: |
México :
Siglo Veintiuno,
1971.
|
| Izdaja: | 2 edición |
| Teme: | |
| Oznake: |
Označite
Brez oznak, prvi označite!
|
MARC
| LEADER | 000000000a22000000004500 | ||
|---|---|---|---|
| 001 | 011866 | ||
| 041 | 0 | |a spa | |
| 082 | 0 | 4 | |a 131.34 |b L129e |
| 100 | 1 | |a Lacan, Jacques, |d 1901-1981 | |
| 245 | 1 | 0 | |a Escritos / |c Jacques Lacan. |
| 250 | |a 2 edición | ||
| 260 | 1 | |a México : |b Siglo Veintiuno, |c 1971. | |
| 300 | |a 1## |a 372 páginas | ||
| 500 | |a Material disponible en BCMA | ||
| 650 | 4 | |a PSICOANALISIS | |
| 999 | |c 17892 |d 17892 | ||
| 942 | |c BK |h 131.34 L129e |2 z | ||
